| 000 | 00520nam a22001937a 4500 | ||
|---|---|---|---|
| 005 | 20260423131035.0 | ||
| 008 | 260423b |||||||| |||| 00| 0 eng d | ||
| 020 |
_a9780753555194 _c699.00 |
||
| 040 | _aMAIN | ||
| 041 | _aEnglish | ||
| 082 |
_a658.11 _bTHI |
||
| 100 |
_aThiel, Peter _924870 |
||
| 245 |
_aZero to One _b: Notes on Startups or how to Build the Future |
||
| 260 |
_aLondon _bPenguin _c2014 |
||
| 300 | _a210 | ||
| 650 |
_aCommerce (PM USHA) _926705 |
||
| 700 |
_aMasters, Blake _924871 |
||
| 942 | _cBK | ||
| 999 |
_c60700 _d60700 |
||